The Rookie General Quiz - Hard Level - Statistics

General Stats
  • This quiz has been taken 41 times
  • The average score is 2 of 10
Answer Stats
Question Answer % Correct
2. What is the first name of Smitty? :) Quigley
95%
10. What is the full name of Timothy Bradford's doppelganger? Jake Butler
41%
6. In which episode did Tim Bradford's actor's real life wife play in the show? (Express your answer as S1:E1, where 1 are numbers of season and episode.) S2:E16
27%
3. Where can we see Boyd Taylor (Main person in federal reserve hijacking) in S5:E22, other than in the car? in the elevator at the start of the episode
14%
9. Where did John Nolan's first Training officer take a job at later in S2? ATF
8%
5. In S4:E5 scene where John and Tim explain the drug buy to Pete, what part of Tim Bradford's outfit is wrong? His badge says Police Officer when it should say Sergant
8%
7. Whose story is Aaron Thorsen based off of? Amanda Knox
5%
4. How does Tim convince Smitty to show up for court in S5:E12 where he was a court liaison? apply for overtime when going to court
5%
8. What is the time of death of the first person John Nolan has ever killed in the line of duty? (Express your answer as HH:MM, 24 hour format) 09:55
3%
1. Order the final approved Five Player Trade in S5:E13, as Lucy Chen does over at Nolan's
(Express your answer as Character>Division they will move to, separated with hyphens.)
(Example answer: Chen>IA-Bradford>Metro)
Fuji>Retires-Halsey>Metro-Madison>Robbery-Jones>SWAT
3%
No matching quizzes found
Score Distribution
Percent of People with Each Score
Percentile by Number Answered
Your Score History
You have not taken this quiz